| 000 | 00587nam a2200205Ia 4500 | ||
|---|---|---|---|
| 008 | 131103s9999 xx 000 0 und d | ||
| 020 |
_a8185826714 _cRs 200 |
||
| 040 | _aLoreto College | ||
| 041 | _aEnglish | ||
| 082 |
_a891.439/KAP _bLCLIB/44879 |
||
| 100 | _aKapur, Shyamchandra | ||
| 245 |
_aHindi Sahitya ka itihas _cShyamchandra Kapur |
||
| 260 |
_aNew Delhi _bGranth Academi _c2002 |
||
| 300 |
_a348p _c 24 cm |
||
| 630 | _aHindi Literature | ||
| 650 | _aHistory of Hindi Literature | ||
| 651 | _aHistory of Hindi Literature | ||
| 850 | _aLCLIB/891.439/KAP | ||
| 942 | _cBK | ||
| 999 |
_c17835 _d68314 |
||